| 000 | 01869nam a2200289 a 4500 | ||
|---|---|---|---|
| 001 | BRCA_8641 | ||
| 003 | FranzMayer | ||
| 005 | 20230724143325.0 | ||
| 008 | 280916s1783----sp-#######---#000-0#spa-# | ||
| 040 | _cMFM | ||
| 041 | _aspa | ||
| 044 | _asp | ||
| 084 |
_aBE34 _b.E77 1783 |
||
| 100 | 1 |
_aErra, Carlos Antonio _921568 |
|
| 245 | 1 | 0 |
_aHistoria del Viejo y Nuevo Testamento _csu autor el P. Carlos Antonio Erra, Milanes, de la Congregacion de Clerigos Reglares de la Madre de Dios ; traducida del latin al castellano por un sacerdote secular ; tomo III. |
| 250 | _a3 | ||
| 260 |
_aMadrid _bPor D. Joachín Ibarra _c1783 |
||
| 300 | _axx, 535 p. (t.3) | ||
| 500 | _aEstado físico : lomo por desprenderse y hojas con manchas | ||
| 500 | _aCon marca de fuego : ´Procedencia de la marca: Convento de San Francisco de Silao, Guanajuato(1). Institución: Provincia de San Pedro y San Pablo de Michoacán. Descripción: Abreviatura de la palabra Conv[en]to seguido del monograma compuesto por las iniciales “A”, “S”, “I” y “L” que se desata como Silao. El todo inscrito en un rectángulo. Observaciones: David Saavedra la adjudica al Convento Franciscano de Silao, Guanajuato. Con el testimonio de pertenencia ubicado en este ejemplar se corrobora la atribución realizada por David Saavedra. Ubicación de la marca en el libro: Canto superior, inferior y lateral´ | ||
| 500 | _aEn la anteportada : Testimonio de pertenencia: Fr[ay] Rafael Estrada del Conv[en]to Silao | ||
| 505 | 0 | _aContenido : t.3. Desde la entrada de los israelitas en la tierra de promision, hasta su cautividad | |
| 650 | 1 | 4 |
_aHistoria sagrada _921569 |
| 856 | _ahttp://www.marcasdefuego.buap.mx:8180/xmLibris/projects/firebrand/item.jsp?repository=marcas_de_fuego&key=marcas_de_fuego_franciscanas_20150807140752_1047.xml&num=128 | ||
| 902 | _aCFM | ||
| 942 |
_2lcc _cB |
||
| 999 |
_c8301 _d8301 |
||